000 01041nmm a2200337 a 4500
003 AR-BaBNM
005 20251128210411.0
008 210020s1999 ||||||||||||||000 | spa||
020 _a950-550-274-5
040 _cAR-BaBNM
100 1 _aTanos, Miguel Angel
245 1 0 _aUna educación para los preadolescentes
_bel modelo pampeano de la transformación educativa
260 _aBuenos Aires
_bMagisterio del Río de la Plata
_c1999
300 0 _a127 p.
_bil., tablas
500 0 _aAnexos: p. 103-127
504 _aContiene bibliografía p. 101
650 4 _aPUBERTAD
650 4 _aADOLESCENCIA
650 4 _aPARTICIPACION DE LA COMUNIDAD
650 4 _aPOLITICA EDUCATIVA
650 4 _aORGANIZACION DE LA EDUCACION
651 4 _aLa Pampa
653 _aTRANSFORMACION EDUCATIVA
653 _aTERCER CICLO DE LA EGB
653 _aREFORMA EDUCATIVA
653 _aCAPACITACION DOCENTE
653 _aINNOVACIONES EDUCATIVAS
710 1 _aLa Pampa
_bMinisterio de Cultura y Educación
942 _cBK
998 _cRaquel
999 _c15324
_d15324